Olympijské hry a ich udržateľnosť bakalárska práca

Enregistré dans:
Détails bibliographiques
Auteur principal: Zemanová, Lenka, 1995-
Collectivité auteur: Obchodná fakulta EU. Katedra služieb a cestovného ruchu - zrušené
Autres auteurs: Sidor, Ján
Format: Livre
Langue:slovaque
Publié: Bratislava 2018
Tags: Ajouter un tag
Pas de tags, Soyez le premier à ajouter un tag!

MARC

LEADER 00000nbm a2200000 4500
001 0245047
005 20180906134106.4
041 0 |a slo 
044 |a SK 
245 1 0 |a Olympijské hry a ich udržateľnosť  |b bakalárska práca  |c Lenka Zemanová ; školiteľ: Ján Sidor 
264 1 |a Bratislava  |c 2018 
300 |a 60 s. 
100 1 |a Zemanová, Lenka, 1995- 
700 1 |a Sidor, Ján 
710 2 |a Obchodná fakulta EU. Katedra služieb a cestovného ruchu - zrušené